NOVÉ TRENDY SPAĽOVANIA ODPADOV

Bibliographic Details
Main Authors: Augustínová, Edita (Author), Lukáč, Jozef (Author)
Format: Article
Language:Slovak
ISBN:8022804797

MARC

LEADER 00000naa a2200000uu 4500
001 vtls011080797
003 SK-MaSNL
005 20260302112310.0
008 210905|1995 xo |||||||||||||||||slo|
015 |a SNBRA 
035 |a (urnnbn)urn:nbn:sk:snk:ar-a0cibz 
035 |a (uuid)0c063a6f-557f-4c82-a5e0-22fbe8f83332 
035 |a urn:nbn:sk:snk-aavoc1 
040 |a SNKBUCL  |b slo  |c SNKBUCL  |e AACR2 
041 0 |a slo 
044 |a xo  |c SK 
100 1 |a Augustínová, Edita  |4 aut  |9 27365 
245 1 0 |a NOVÉ TRENDY SPAĽOVANIA ODPADOV  |c Edita Augustínová, Jozef Lukáč 
700 1 |a Lukáč, Jozef  |4 aut  |9 533266 
773 0 |t Zneškodňovanie odpadov spaľovaním  |d Zvolen : Technická univerzita, 1995  |g S. 18-28  |z 8022804797 
958 |a OND 
958 |a article12 
958 |a chapter 
999 |c 1251021  |d 1252951